00541nam a2200145Ia 4500003000900000008004100009020002600050040001600076100002300092245009200115260003200207300002000239490003300259856010300292IN-BaIIA211028s9999 xx s 000 0 eng d a9780819446206 (Print) cIIA Library aIye, Masanori, ed. 0aInstrument Design and Performance for Optical/Infrared Ground-based Telescopesh[eBook] aWashington, USAbSPIEc2003 aOnline resource aProceedings of SPIE; V. 4841 uhttps://www.spiedigitallibrary.org/conference-proceedings-of-spie/4841yClick Here to Access eBook